000 00696cam a2200205 a 4500
001 000015628
005 20200929164110.0
008 000531s1999 ck b 000 0 spa
020 _a9586760790
040 _aDO-SdBNP
_bspa
_cBNPHU
082 _a364.1523
_bL961c, 1999
100 1 _aLuna Cabrera, Julio Eduardo.
_935221
245 1 4 _aLos celos y sus implicaciones jurídicas /
_cJulio Eduardo Luna Cabrera.
250 _a2a ed.
260 _aSantafé de Bogotá :
_bDoctrina y Ley,
_c1999.
300 _axi, 254 p. ;
_c21 cm.
504 _aIncluye referencias bibliográficas (p. 251-254).
650 4 _aCrimenes pasionales
_zColombia.
_935222
650 4 _aCelos
_xLegislación
_zColombia
_935223
999 _c15181
_d15181